Multi-step enzyme catalysis: biotransformations and chemoenzymatic synthesis

Guardat en:
Dades bibliogràfiques
Autor principal: Garcia-Junceda, Eduardo
Format: Llibre
Idioma:anglès
Publicat: Weinheim, Rhein-Neckar, Alemania Wiley-VCH 2008
Matèries:
Etiquetes: Afegir etiqueta
Sense etiquetes, Sigues el primer a etiquetar aquest registre!

MARC

LEADER 00000cam a2200000 a 4500
001 UCF0053
003 CL-VaPUC
005 20220607074401.0
008 120427e20080000GW |||||||||||||||||eng|d
999 |c 347559  |d 347557 
020 |a 9783527319213 
040 |c Pontificia Universidad Católica de Valparaíso 
082 0 4 |a 572.7 GAR 2008  |2 21 
100 0 |a Garcia-Junceda, Eduardo  |9 561866 
245 1 0 |a Multi-step enzyme catalysis: biotransformations and chemoenzymatic synthesis 
260 0 3 |a Weinheim, Rhein-Neckar, Alemania  |b Wiley-VCH  |c 2008 
300 |a 241 páginas 
583 |a last modification  |c 20120904 05:03:07  |k Rodrigo Vera 
650 0 |a Enzimas  |9 262984 
650 0 |a Catálisis  |9 259915 
650 0 |a Biotecnología   |9 259561 
650 0 |a Reacciones químicas  |9 259438 
942 |c BK  |2 ddc 
945 |d 20120427 00:00:00  |a cmena 
952 |0 0  |1 0  |2 ddc  |4 0  |6 572_700000000000000_GAR_2008  |7 0  |8 A  |9 448981  |a BIBCUR  |b BIBCUR  |d 2019-11-22  |i 4853806  |o 572.7 GAR 2008  |p 4853806  |r 2025-04-22  |t 1  |w 2019-11-22  |y BK  |k BIO